Κατάλογος Βιβλιοθηκών Mediterranean College

INTRODUCTION TO INTERNATIONAL ECONOMICS (Record no. 6564)

MARC details
000 -LEADER
fixed length control field 00960cam a22002414a 4500
005 - ΗΜΕΡΟΜΗΝΙΑ ΚΑΙ ΩΡΑ ΤΕΛΕΥΤΑΙΑΣ ΕΝΗΜΕΡΩΣΗΣ
Πεδίο ελέγχου 20250605164246.0
008 - FIXED-LENGTH DATA ELEMENTS--GENERAL INFORMATION
Πεδίο ελέγχου σταθερού μήκους 250528s ||||||||||||||||||||||||d
035 ## - SYSTEM CONTROL NUMBER
System control number 21502
020 ## - ISBN
ISBN 9780582277656
040 ## - ΠΗΓΗ ΚΑΤΑΛΟΓΟΓΡΑΦΗΣΗΣ
Φορέας πρωτότυπης καταλογογράφησης MC Athens Campus Library
Γλώσσα καταλογογράφησης Ελληνικά, Μοντέρνα (1453-)
Modifying agency MC Athens Campus Library
Κανόνες περιγραφικής καταλογογράφησης AACR2
245 1# - ΤΙΤΛΟΣ ΚΑΙ ΔΗΛΩΣΗ ΥΠΕΥΘΥΝΟΤΗΤΑΣ
Τίτλος INTRODUCTION TO INTERNATIONAL ECONOMICS
250 ## - EDITION STATEMENT
Edition statement 1
260 ## - PUBLICATION, DISTRIBUTION, ETC.
Name of publisher, distributor, etc. Prentice Hall Europe,
Date of publication, distribution, etc. 1996
300 ## - PHYSICAL DESCRIPTION
Extent 391
505 0# - FORMATTED CONTENTS NOTE
Formatted contents note INTRODUCTION THE WORLD ECONOMY THE BALANCE OF PAYMENTS INTERNATIONAL TRADE THEORY INTERNATIONAL PRODUCTION FACTORS DIRECT INVESTMENT AND MULTINATIONAL ENTERPISES TRADE POLICY MODERN ARGUMENTS
520 ## - SUMMARY, ETC.
Summary, etc. INTRODUCTION THE WORLD ECONOMY THE BALANCE OF PAYMENTS INTERNATIONAL TRADE THEORY INTERNATIONAL PRODUCTION FACTORS DIRECT INVESTMENT AND MULTINATIONAL ENTERPISES TRADE POLICY MODERN ARGUMENTS
700 1# - ΠΡΟΣΘΕΤΗ ΑΝΑΓΡΑΦΗ--ΦΥΣΙΚΟ ΠΡΟΣΩΠΟ
Personal name Jager Henk
9 (RLIN) 3419
700 1# - ΠΡΟΣΘΕΤΗ ΑΝΑΓΡΑΦΗ--ΦΥΣΙΚΟ ΠΡΟΣΩΠΟ
Personal name Jepma Catrinus J
9 (RLIN) 3420
700 1# - ΠΡΟΣΘΕΤΗ ΑΝΑΓΡΑΦΗ--ΦΥΣΙΚΟ ΠΡΟΣΩΠΟ
Personal name Kamphuis Elise
9 (RLIN) 3421
942 ## - ADDED ENTRY ELEMENTS (KOHA)
Koha item type Books
Holdings
Τύπος τεκμηρίου Βιβλιοθήκη Τρέχουσα τοποθεσία Barcode Αριθμός εισαγωγής Ημερομηνία απόκτησης Ταξιθετικό σύμβολο Αριθμός αντιτύπου Κατάσταση απόσυρσης Κατάσταση χαμένου Κατάσταση κατεστραμμένου Μη δανεισμός Σύνολο δανεισμών Ημερομηνία τελευταίας εμφάνισης Η τιμή ισχύει από
Books MC Thessaloniki Campus Library MC Thessaloniki Campus Library 9780000065636 1499 05/06/2025 337 JEP 2           05/06/2025 05/06/2025

MC Athens Campus Library
Πατησίων 94 & Κοδριγκτώνος 13, 104 34
Πελλήνης 8 & Πατησίων 107, 112 51
Τ: +30 210 8899600

MC Thessaloniki Campus Library
Ίωνος Δραγούμη 21, 54625 | Ίωνος Δραγούμη 15, 54625
Τ: +30 2310 287779 – Τ: +30 2314 440300